| 000 | 00411 a2200133 4500 | ||
|---|---|---|---|
| 040 |
_aDLC _bDLC |
||
| 082 | _a370 | ||
| 100 | _aHameed Ahmad Khan. | ||
| 245 |
_aEducation, science and technology in developing countries: some thoughts and recollections _cHameed Ahmad Khan. |
||
| 260 |
_aIslamabad : _bCOMSATS, _c2004. |
||
| 300 |
_aiv, 198 p. ; _c25 cm. |
||
| 650 | _aEducation-Pakistan. | ||
| 942 |
_cBK _k370 HAM _2ddc |
||
| 999 |
_c7548 _d7548 |
||